| 000 | 00961cam a2200265 a 4500 | ||
|---|---|---|---|
| 001 | 4678422 | ||
| 005 | 20230321105951.0 | ||
| 008 | 810311s1981 ne a b 001 0 eng | ||
| 010 | _a 81004542 | ||
| 020 | _a0444419616 (v. 2) | ||
| 040 |
_aDLC _cDLC _dDLC |
||
| 050 | 0 | 0 |
_aTL573 _b.V52 |
| 082 | 0 | 0 |
_a629.4195 _219 _bVIN |
| 100 | 1 |
_aVinh, Nguyen X. _9110771 |
|
| 245 | 1 | 0 |
_aOptimal trajectories in atmospheric flight / _cNguyen X. Vinh. |
| 260 |
_aAmsterdam ; _aNew York : _bElsevier Scientific Pub. Co. ; _aNew York : _bDistributors for the U.S. and Canada, Elsevier/North-Holland, _c1981. |
||
| 300 |
_axviii, 402 p. : _bill. ; _c25 cm. |
||
| 490 | 1 |
_aStudies in astronautics ; _v2 |
|
| 504 | _aIncludes bibliographical references and indexes. | ||
| 650 | 0 |
_aFlight. _91579 |
|
| 650 | 0 |
_aTrajectory optimization. _9110700 |
|
| 830 | 0 |
_aStudies in astronautics ; _vv. 2. _9110772 |
|
| 906 |
_a7 _bcbc _corignew _d1 _eocip _f19 _gy-gencatlg |
||
| 942 |
_2ddc _cBK |
||
| 999 |
_c593921 _d593921 |
||